Yo creo : (Registro nro. 16320)

Detalles MARC
000 -CABECERA
Campo de control de longitud fija 01055nam a2200337 i 4500
003 - IDENTIFICADOR DEL NÚMERO DE CONTROL
Campo de control CL-SaCFP
005 - FECHA Y HORA DE LA ÚLTIMA TRANSACCIÓN
Campo de control 20260211154814.0
007 - CAMPO FIJO DE DESCRIPCIÓN FÍSICA
Campo de control de longitud fija ta
008 - CÓDIGOS DE INFORMACIÓN DE LONGITUD FIJA
Campo de control de longitud fija 250630s2025 amc 000 0dspa
020 ## - NÚMERO INTERNACIONAL NORMALIZADO PARA LIBROS (ISBN)
Número Internacional Normalizado para Libros (ISBN) 9789561238008
040 ## - FUENTE DE LA CATALOGACIÓN
Centro transcriptor CL
043 ## - CÓDIGO DE ÁREA GEOGRÁFICA
Código de área geográfica s-cl---
082 04 - NÚMERO DE LA CLASIFICACIÓN DECIMAL DEWEY
Número de clasificación 658.0220983 M991 2025
Número de edición 21
100 1# - PUNTO DE ACCESO PRINCIPAL - NOMBRE DE PERSONA
Nombre de persona Mustakis, Alejandra
Término indicativo de función autora
245 10 - MENCIÓN DE TÍTULO
Título Yo creo :
Resto del título creer, crear y emprender /
Mención de responsabilidad etc. Alejandra Mustakis.
250 ## - MENCIÓN DE EDICIÓN
Mención de edición 1a edición: junio de 2025.
264 #1 - PRODUCTION, PUBLICATION, DISTRIBUTION, MANUFACTURE, AND COPYRIGHT NOTICE
Lugar de producción publicación distribución fabricación Santiago de Chile :
Nombre del de productor editor distribuidor fabricante Empresa Editora Zig-Zag, S.A.,
Fecha de de producción publicación distribución fabricación o copyright 2025.
264 #3 - PRODUCTION, PUBLICATION, DISTRIBUTION, MANUFACTURE, AND COPYRIGHT NOTICE
Lugar de producción publicación distribución fabricación Santiago, Chile :
Nombre del de productor editor distribuidor fabricante A Impresores S.A.,
Fecha de de producción publicación distribución fabricación o copyright 2025.
264 #4 - PRODUCTION, PUBLICATION, DISTRIBUTION, MANUFACTURE, AND COPYRIGHT NOTICE
Fecha de de producción publicación distribución fabricación o copyright ©2025
300 ## - DESCRIPCIÓN FÍSICA
Extensión 247 páginas ;
Dimensiones 23 cm.
336 ## - TIPO DE CONTENIDO
Término de tipo de contenido texto
Código de tipo de contenido txt
Fuente rdacontent
337 ## - TIPO DE MEDIO
Nombre del tipo de medio no mediado
Código del tipo de medio n
Fuente rdamedia
338 ## - TIPO DE SOPORTE
Nombre del tipo de soporte volumen
Código del tipo de soporte nc
Fuente rdacarrier
500 ## - NOTA GENERAL
Nota general Diseñado para ser intervenido por el lector.
600 17 - PUNTO DE ACCESO ADICIONAL DE MATERIA - NOMBRE DE PERSONA
Nombre de persona Mustakis, Alejandra
Término indicativo de función autora
650 #7 - PUNTO DE ACCESO ADICIONAL DE MATERIA - TÉRMINO DE MATERIA
Término de materia o nombre geográfico como elemento inicial Empresarias
Subdivisión geográfica Chile
Subdivisión de forma Relatos personales
650 #7 - PUNTO DE ACCESO ADICIONAL DE MATERIA - TÉRMINO DE MATERIA
Término de materia o nombre geográfico como elemento inicial Emprendimiento
Subdivisión de materia general Enseñanza
655 #7 - TÉRMINO DE INDIZACIÓN - GÉNERO/FORMA
Datos o término principal de género/forma Relatos personales
942 ## - ENTRADA PARA ELEMENTOS AGREGADOS (KOHA)
Fuente de clasificación o esquema de ordenación en estanterías Dewey Decimal Classification
Koha [por defecto] tipo de item Libros
949 ## - LOCAL PROCESSING INFORMATION (OCLC)
a c
b c
Existencias
Suprimido Estado de pérdida Fuente de clasificación o esquema de ordenación en estanterías Estropeado No para préstamo Código de colección Localización permanente Localización actual Localización en estanterías Fecha de adquisición Fuente de adquisición Préstamos totales Signatura completa Código de barras Fecha última consulta Número de ejemplar Fecha del precio de reemplazo Tipo de item de Koha
    Dewey Decimal Classification     Colección General Biblioteca Central Biblioteca Central Colección General 11/02/2026 DL   658.0220983 M991 2025 3563000054722 11/02/2026 c.1 11/02/2026 Libros